Porsche Car Models Worldwide 2024-25 - Statistics

General Stats
  • This quiz has been taken 1,594 times
    381 since last reset
  • The average score is 56 of 63
Answer Stats
Hint Answer % Correct
Sports Car 911 Carrera
99%
Sports Car 911 Carrera Cabriolet
99%
Sports Car 911 Carrera S
99%
Sports Car 911 Carrera S Cabriolet
99%
Sports Car 911 Dakar
99%
Supercar 911 GT3
99%
Supercar 911 GT3 RS
99%
Supercar 911 GT3 Touring
99%
Sports Car 911 S/T
99%
Sports Car 911 Targa 4S
99%
Sports Car 911 Targa GTS
99%
Supercar 911 Turbo
99%
Supercar 911 Turbo Cabriolet
99%
Supercar 911 Turbo S
99%
Supercar 911 Turbo S Cabriolet
99%
Midsize Crossover Cayenne
89%
Midsize Crossover Coupe Cayenne Coupe
89%
Midsize Crossover PHEV Cayenne e-Hybrid
89%
Midsize Crosover Coupe PHEV Cayenne e-Hybrid Coupe
89%
Midsize Crossover Cayenne S
89%
Midsize Crossover Coupe Cayenne S Coupe
89%
Midsize Sport Crossover Cayenne Turbo
89%
Midsize Sport Crosover Coupe Cayenne Turbo GT
89%
Midsize Sport Crosover Coupe PHEV Cayenne Turbo S e-Hybrid Coupe
89%
Compact Crossover Macan
88%
Compact Crossover EV Macan EV
88%
Compact Sport Crossover EV Macan EV Turbo
88%
Compact Sport Crossover Macan GTS
88%
Compact Crossover Macan S
88%
Compact Crossover Macan T
88%
Compact Sport Crossover Macan Turbo
88%
Midsize Sedan EV Taycan
87%
Midsize Wagon EV Taycan Cross Turismo
87%
Midsize Sport Sedan EV Taycan GTS
87%
Midsize Sport Wagon EV Taycan GTS Sport Turismo
87%
Midsize Sport Sedan EV Taycan Turbo
87%
Midsize Sport Wagon EV Taycan Turbo Cross Turismo
87%
Midsize Sport Sedan EV Taycan Turbo GT
87%
Sports Car 718 Cayman
86%
Supercar 718 Cayman GT4
86%
Supercar 718 Cayman GT4 RS
86%
Sports Car 718 Cayman GTS
86%
Sports Car 718 Cayman GTS 4.0
86%
Sports Car 718 Cayman S
86%
Sports Car 718 Cayman T
86%
Executive Sedan Panamera
86%
Executive Sedan PHEV Panamera 4 e-Hybrid
86%
Executive Wagon PHEV Panamera 4 e-Hybrid Sport Turismo
86%
Executive Limousine Panamera Executive
86%
Executive Sport Sedan Panamera GTS
86%
Executive Sport Wagon Panamera GTS Sport Turismo
86%
Executive Wagon Panamera Sport Turismo
86%
Executive Sport Sedan Panamera Turbo
86%
Executive Sport Sedan PHEV Panamera Turbo S e-Hybrid
86%
Executive Sport Wagon PHEV Panamera Turbo S e-Hybrid Sport Turismo
86%
Executive Sport Wagon Panamera Turbo Sport Turismo
86%
Supercar 718 Spyder
78%
Supercar 718 Spyder RS
78%
Sports Car 718 Boxster
76%
Sports Car 718 Boxster GTS
76%
Sports Car 718 Boxster GTS 4.0
76%
Sports Car 718 Boxster S
76%
Sports Car 718 Boxster T
76%
No matching quizzes found
Score Distribution
Percent of People with Each Score
Percentile by Number Answered
Your Score History
You have not taken this quiz since the last reset